Bray's clinical laboratory methods.(7th ed.) (Record no. 30890)

MARC details
000 -LEADER
fixed length control field 00720nam a2200169 a 4500
008 - FIXED-LENGTH DATA ELEMENTS--GENERAL INFORMATION
fixed length control field 150824s1968 ||||||||||||||||| || u
050 ## - LIBRARY OF CONGRESS CALL NUMBER
Classification number RB 37 Bau
100 ## - MAIN ENTRY--PERSONAL NAME
Personal name Bauer, John D
245 10 - TITLE STATEMENT
Title Bray's clinical laboratory methods.(7th ed.)
Statement of responsibility, etc. by John D. Bauer, Philip G. Ackermann and Gelson Toro
250 ## - EDITION STATEMENT
Edition statement 7th ed.
260 ## - PUBLICATION, DISTRIBUTION, ETC.
Place of publication, distribution, etc. St. Louis
Name of publisher, distributor, etc. The C. V. Mosby company
Date of publication, distribution, etc. 1968
300 ## - PHYSICAL DESCRIPTION
Extent ix, 764p. :ill.
350 ## -
-- 0.00
650 ## - SUBJECT ADDED ENTRY--TOPICAL TERM
Topical term or geographic name entry element CLINICAL LABORATORY TECHNIQUES--METHODS
650 ## - SUBJECT ADDED ENTRY--TOPICAL TERM
Topical term or geographic name entry element MEDICAL LABORATORY TECHNOLOGY--LABORATORY MANUALS
995 ## -
-- MEDICAL LIBRARY OPEN ACCESS
-- 903046
-- CBU-SCHOOL OF MEDICINE LIBRARY (Ndola)
-- 0.00
-- RB 37 Bau
-- 1
-- AVAILABLE
-- Sep 4, 2015
-- 903046
-- Medical Library Open Access Collection
999 ## -
-- 30890
-- 30890
Holdings
Withdrawn status Lost status Source of classification or shelving scheme Damaged status Not for loan Permanent Location Current Location Shelving location Date acquired Total Checkouts Full call number Barcode Date last seen Price effective from Koha item type
          CBU-SCHOOL OF MEDICINE LIBRARY, NDOLA. CBU-SCHOOL OF MEDICINE LIBRARY, NDOLA.   11/30/2022   RB 37 Bau 903046 11/30/2022 11/30/2022 MONOGRAPH